Reliability and risk analysis : methods and nuclear power applications /

Bibliographic Details
Main Author: McCormick, Norman J.
Format: Book
Language:English
Published: New York, N.Y. : Academic Press, 1981.
Subjects:

MARC

Tag First Indicator Second Indicator Subfields
LEADER 00000pam a2200000 a 4500
001 in00000082783
005 20151008054226.0
008 810320s1981 nyua b 00110 eng
010 |a  81002758  
020 |a 0124823602 
035 |a (OCoLC)07328207 
035 |9 AAJ0023AM 
039 0 |a 2  |b 3  |c 3  |d 3  |e 3 
040 |a DLC  |c DLC  |d TXA  |d UtOrBLW 
049 |a TXAM  |c [1329202] 
050 0 0 |a TK9153  |b .M33 
082 0 |a 621.48/32  |2 19 
100 1 |a McCormick, Norman J. 
245 1 0 |a Reliability and risk analysis :  |b methods and nuclear power applications /  |c Norman J. McCormack. 
264 1 |a New York, N.Y. :  |b Academic Press,  |c 1981. 
300 |a xii, 446 pages :  |b illustrations ;  |c 24 cm. 
336 |a text  |b txt  |2 rdacontent 
337 |a unmediated  |b n  |2 rdamedia 
338 |a volume  |b nc  |2 rdacarrier 
504 |a Includes bibliographical references and index. 
650 0 |a Nuclear facilities  |x Reliability. 
650 0 |a Nuclear facilities  |x Accidents. 
650 0 |a Risk  |x Statistical methods. 
999 |a MARS 
999 f f |s cde75cd2-22fe-3f99-b4d3-6c4214f615e8  |i 6cc75987-372e-3f30-bb09-5bd43ef3f4df  |t 0 
952 f f |p normal  |a Texas A&M University  |b College Station  |c Sterling C. Evans Library  |d Evans: Library Stacks  |t 0  |e TK9153 .M33  |h Library of Congress classification  |i unmediated -- volume  |m A14806253072 
998 f f |a TK9153 .M33  |t 0  |l Evans: Library Stacks